| 000 -LEADER |
| fixed length control field |
01940cam a2200457 a 4500 |
| 001 - CONTROL NUMBER |
| control field |
15050145 |
| 003 - CONTROL NUMBER IDENTIFIER |
| control field |
NUST |
| 005 - DATE AND TIME OF LATEST TRANSACTION |
| control field |
20191014113048.0 |
| 008 - FIXED-LENGTH DATA ELEMENTS--GENERAL INFORMATION |
| fixed length control field |
071018s2008 enkab b 001 0 eng |
| 010 ## - LIBRARY OF CONGRESS CONTROL NUMBER |
| LC control number |
2007042981 |
| 020 ## - INTERNATIONAL STANDARD BOOK NUMBER |
| International Standard Book Number |
9780415414975 |
| 020 ## - INTERNATIONAL STANDARD BOOK NUMBER |
| International Standard Book Number |
0415414970 |
| 020 ## - INTERNATIONAL STANDARD BOOK NUMBER |
| International Standard Book Number |
9780415414982 (pbk.) |
| 020 ## - INTERNATIONAL STANDARD BOOK NUMBER |
| International Standard Book Number |
0415414989 (pbk.) |
| 020 ## - INTERNATIONAL STANDARD BOOK NUMBER |
| International Standard Book Number |
9780203928264 (ebk.) |
| 020 ## - INTERNATIONAL STANDARD BOOK NUMBER |
| International Standard Book Number |
0203928261 (ebk.) |
| 035 ## - SYSTEM CONTROL NUMBER |
| System control number |
(OCoLC)ocn176861283 |
| 035 ## - SYSTEM CONTROL NUMBER |
| System control number |
(OCoLC)176861283 |
| 038 ## - RECORD CONTENT LICENSOR |
| Staff Name |
MSOHAIL |
| 040 ## - CATALOGING SOURCE |
| Original cataloging agency |
DLC |
| Transcribing agency |
DLC |
| Modifying agency |
BTCTA |
| -- |
BAKER |
| -- |
YDXCP |
| -- |
OCLCG |
| -- |
BWK |
| -- |
C#P |
| -- |
BWX |
| -- |
CDX |
| -- |
DLC |
| 043 ## - GEOGRAPHIC AREA CODE |
| Geographic area code |
d------ |
| 050 00 - LIBRARY OF CONGRESS CALL NUMBER |
| Classification number |
JS113 |
| Item number |
.P53 2008 |
| 082 00 - DEWEY DECIMAL CLASSIFICATION NUMBER |
| Classification number |
320.8091724 |
| Edition number |
22 |
| 245 00 - TITLE STATEMENT |
| Title |
Planning and decentralization : |
| Remainder of title |
contested spaces for public action in the global south / |
| Statement of responsibility, etc. |
edited by Victoria A. Beard, Faranak Miraftab, and Christopher Silver. |
| 260 ## - PUBLICATION, DISTRIBUTION, ETC. |
| Place of publication, distribution, etc. |
London ; |
| -- |
New York : |
| Name of publisher, distributor, etc. |
Routledge, |
| Date of publication, distribution, etc. |
2008. |
| 300 ## - PHYSICAL DESCRIPTION |
| Extent |
xiv, 233 p. : |
| Other physical details |
ill., map ; |
| Dimensions |
24 cm. |
| 504 ## - BIBLIOGRAPHY, ETC. NOTE |
| Bibliography, etc. note |
Includes bibliographical references and index. |
| 650 #0 - SUBJECT ADDED ENTRY--TOPICAL TERM |
| Topical term or geographic name entry element |
Decentralization in government |
| Geographic subdivision |
Developing countries. |
| 9 (RLIN) |
23623 |
| 650 #0 - SUBJECT ADDED ENTRY--TOPICAL TERM |
| Topical term or geographic name entry element |
Political planning |
| Geographic subdivision |
Developing countries. |
| 9 (RLIN) |
23624 |
| 650 #0 - SUBJECT ADDED ENTRY--TOPICAL TERM |
| Topical term or geographic name entry element |
Public-private sector cooperation |
| Geographic subdivision |
Developing countries. |
| 9 (RLIN) |
23625 |
| 650 #0 - SUBJECT ADDED ENTRY--TOPICAL TERM |
| Topical term or geographic name entry element |
Local government |
| Geographic subdivision |
Developing countries. |
| 9 (RLIN) |
23626 |
| 700 1# - ADDED ENTRY--PERSONAL NAME |
| Personal name |
Beard, Victoria A. |
| 9 (RLIN) |
23627 |
| 700 1# - ADDED ENTRY--PERSONAL NAME |
| Personal name |
Miraftab, Faranak. |
| 9 (RLIN) |
23628 |
| 700 1# - ADDED ENTRY--PERSONAL NAME |
| Personal name |
Silver, Christopher, |
| Dates associated with a name |
1951- |
| 9 (RLIN) |
23629 |
| 856 41 - ELECTRONIC LOCATION AND ACCESS |
| Materials specified |
Table of contents only |
| Uniform Resource Identifier |
<a href="http://www.loc.gov/catdir/toc/ecip082/2007042981.html">http://www.loc.gov/catdir/toc/ecip082/2007042981.html</a> |
| 856 42 - ELECTRONIC LOCATION AND ACCESS |
| Materials specified |
Publisher description |
| Uniform Resource Identifier |
<a href="http://www.loc.gov/catdir/enhancements/fy0908/2007042981-d.html">http://www.loc.gov/catdir/enhancements/fy0908/2007042981-d.html</a> |
| 856 42 - ELECTRONIC LOCATION AND ACCESS |
| Materials specified |
Contributor biographical information |
| Uniform Resource Identifier |
<a href="http://www.loc.gov/catdir/enhancements/fy1113/2007042981-b.html">http://www.loc.gov/catdir/enhancements/fy1113/2007042981-b.html</a> |
| 906 ## - LOCAL DATA ELEMENT F, LDF (RLIN) |
| a |
7 |
| b |
cbc |
| c |
orignew |
| d |
1 |
| e |
ecip |
| f |
20 |
| g |
y-gencatlg |
| 942 ## - ADDED ENTRY ELEMENTS (KOHA) |
| Source of classification or shelving scheme |
|
| Koha item type |
Book |